Catálogo
 En Linea

Historia impositiva del pueblo dominicano : (Registro nro. 57090)

Detalles MARC
000 -CABECERA
campo de control de longitud fija 03520nam a2200361 i 4500
003 - IDENTIFICADOR DEL NÚMERO DE CONTROL
campo de control DO-SdBNP
005 - FECHA Y HORA DE LA ÚLTIMA TRANSACCIÓN
campo de control 20250911102243.0
007 - CAMPO FIJO DE DESCRIPCIÓN FÍSICA--INFORMACIÓN GENERAL
campo de control de longitud fija ta
008 - DATOS DE LONGITUD FIJA--INFORMACIÓN GENERAL
campo de control de longitud fija 240701b2024 dr ||||| |||| 00| 0 spa d
020 ## - NÚMERO INTERNACIONAL ESTÁNDAR DEL LIBRO
Número Internacional Estándar del Libro 9789945250954
040 ## - FUENTE DE LA CATALOGACIÓN
Centro catalogador/agencia de origen DO-SdBNP
Lengua de catalogación spa
Centro/agencia transcriptor BNPHU
Normas de descripción rda
041 ## - CÓDIGO DE LENGUA
Código de lengua del texto/banda sonora o título independiente spa
082 #4 - NÚMERO DE LA CLASIFICACIÓN DECIMAL DEWEY
Número de clasificación xxx
Número de documento/Ítem M385h
Número de edición 22
100 ## - ENTRADA PRINCIPAL--NOMBRE DE PERSONA
Nombre de persona Martínez Moya, Arturo,
9 (RLIN) 61113
Término indicativo de función/relación autor
Código de función/relación aut.
245 10 - MENCIÓN DE TÍTULO
Título Historia impositiva del pueblo dominicano :
Resto del título crecimiento de la economía y de los ingresos fiscales 1844-2012 /
Mención de responsabilidad, etc. Arturo Martínez Moya ; diagramación y cubierta, Juan Francisco Domínguez Novas ; corrección, William Capellán Ferreira.
250 ## - MENCIÓN DE EDICIÓN
Mención de edición Primera edición
264 #4 - PRODUCCIÓN, PUBLICACIÓN, DISTRIBUCIÓN, FABRICACIÓN Y COPYRIGHT
Producción, publicación, distribución, fabricación y copyright Santo Domingo, República Dominicana :
Nombre del de productor, editor, distribuidor, fabricante Archivo General de la Nación,
Fecha de producción, publicación, distribución, fabricación o copyright ©2024.
300 ## - DESCRIPCIÓN FÍSICA
Extensión 452 páginas ;
Dimensiones 23 cm.
336 ## - TIPO DE CONTENIDO
Término de tipo de contenido texto
Código de tipo de contenido txt
Fuente rdacontent
337 ## - TIPO DE MEDIO
Nombre/término del tipo de medio sin mediación
Código del tipo de medio n
Fuente rdamedia
338 ## - TIPO DE SOPORTE
Nombre/término del tipo de soporte volumen
Código del tipo de soporte nc
Fuente rdacarrier
490 ## - MENCIÓN DE SERIE
Mención de serie Archivo General de la Nación
Designación de volumen o secuencia 503
500 ## - NOTA GENERAL
Nota general Incluye datos biográficos del autor en las solapas
500 ## - NOTA GENERAL
Nota general Incluye índice onomástico e índices de cuadros y gráficos
500 ## - NOTA GENERAL
Nota general Incluye referencias bibliográficas y notas al pie de las páginas
504 ## - NOTA DE BIBLIOGRAFÍA, ETC.
Nota de bibliografía, etc. Bibliografía: páginas 431-434
505 ## - NOTA DE CONTENIDO CON FORMATO
Nota de contenido con formato PRESENTACIÓN, 11-- INTRODUCCIÓN, 15-- SÍNTESIS. CON EL TIEMPO TODO CAMBIÓ, 31-- Evolución de la economía y de la tributación, 31-- Reformas estructurales en la década de los noventa siglos XX, 66-- Arancel medio a las importaciones y evasión impositiva, 77-- Arancel maximizador de los ingresos fiscales, 97-- Regla fiscal teórica y gestión presupuestaria, 99-- Disciplina fiscal y sector exterior, 106-- EL PRIMER MODELO TRIBUTARIO, 111-- La Primera República (1844-1861), 111-- Los cambios tributarios durante los años de la anexión a España (1862-1865), 128-- AZÚCAR, PRINCIPAL CONTRIBUYENTE DEL FISCO, 131-- La Segunda República (1866-1916), 131-- Cambios en la estructura impositiva durante los años 1917-1924 de gobierno militar de Estados Unidos, 167-- AUMENTA LA CONTRIBUCIÓN DEL IMPUESTO INTERNO, 177-- Los primeros años de la Tercera República. Gobierno de Horacio Vásquez (1924-1930), 177-- Sobre las reformas departamentales que recomendó Charles G. Dawes, 210-- Los 30 años de la dictadura de Trujillo (1931-1961), 211-- POPULISMO TRIBUTARIO, 257-- Gobiernos transitorios de Joaquín Balaguer, Consejos de Estado, Juan Bosch y Triunvirato (1961-1965), 257-- SURGEN NUEVOS CONTRIBUYENTES, 267-- Etapa democrática : gobierno provisional de Héctor García Godoy y el de los Doce Años de Joaquín Balaguer (1966-1978), 267-- CAMBIA LA ESTRUCTURA IMPOSITIVA, 273-- Gobierno de Antonio Guzmán (1978-1982), 273-- Gobierno de Salvador Jorge Blanco (1982-1986), 280-- UN MODELO TRIBUTARIO DIFERENTE, 285-- Gobierno de los Diez Años de Joaquín Balaguer (1986-1996), 285-- DISTORSIONES EN EL NUEVO MODELO TRIBUTARIO, 295-- Gobierno de Leonel Fernández (1996- 2000), 295-- QUIEBRA BANCARIA COMPROMETE LAS FINANZAS PÚBLICAS, 301-- Gobierno de Hipólito Mejía (2000-2004), 301-- DÉFICIT FISCAL AUMENTA ENDEUDAMIENTO PÚBLICO, 315-- Gobierno de los ocho años de Leonel Fernández (2005-2012), 317-- CONSIDERACIONES FINALES, 335; ANEXO, 341; BIBLIOGRAFÍA, 431; y ÍNDICES DE CUADROS Y GRÁFICOS, 435
590 ## - NOTA LOCAL (RLIN)
Nota local Inventariado, 2024/BT
700 1# - PUNTO DE ACCESO ADICIONAL--NOMBRE DE PERSONA
Nombre de persona Capellán Ferreira, William,
Término indicativo de función/relación corrección
9 (RLIN) 85905
Código de función/relación coorr.
700 1# - PUNTO DE ACCESO ADICIONAL--NOMBRE DE PERSONA
Nombre de persona Domínguez Novas, Juan Francisco
Término indicativo de función/relación diagramador
Código de función/relación diagr.
9 (RLIN) 73382
910 ## - DATOS DE OPCIÓN DEL USUARIO (OCLC)
Datos de opción del usuario Btavárez
942 ## - ELEMENTOS DE PUNTO DE ACCESO ADICIONAL (KOHA)
Fuente del sistema de clasificación o colocación Dewey Decimal Classification
Tipo de ítem Koha Libro
Existencias
Estado de retiro Estado de pérdida Fuente del sistema de clasificación o colocación Restricciones de uso No para préstamo Código de colección Localización permanente Ubicación/localización actual Ubicación en estantería Fecha de adquisición Fuente de adquisición Total de préstamos Signatura topográfica completa Código de barras Fecha visto por última vez Precio válido a partir de Tipo de ítem Koha Número de copia
    Dewey Decimal Classification Excluido de préstamo   Patrimonio Dominicano Biblioteca Nacional Pedro Henríquez Ureña Biblioteca Nacional Pedro Henríquez Ureña En catalogación 01.07.2024 Deposito legal   xxx M385h 2024-3956 01.07.2024 01.07.2024 Libro  
    Dewey Decimal Classification Excluido de préstamo   Patrimonio Dominicano Biblioteca Nacional Pedro Henríquez Ureña Biblioteca Nacional Pedro Henríquez Ureña En catalogación 01.07.2024 Deposito legal   xxx M385h 2024-3957 01.07.2024 01.07.2024 Libro e.2
    Dewey Decimal Classification Préstamo en sala   Dominicana de Servicio Biblioteca Nacional Pedro Henríquez Ureña Biblioteca Nacional Pedro Henríquez Ureña En catalogación 01.07.2024 Deposito legal   xxx M385h 2024-3958 01.07.2024 01.07.2024 Libro e.3
    Dewey Decimal Classification Préstamo en sala   Dominicana de Servicio Biblioteca Nacional Pedro Henríquez Ureña Biblioteca Nacional Pedro Henríquez Ureña En catalogación 28.05.2024 Donado por Archivo General de la Nación   xxx M385h 2025-9902 11.09.2025 11.09.2025 Libro e.4
    Dewey Decimal Classification Préstamo en sala   Dominicana de Servicio Biblioteca Nacional Pedro Henríquez Ureña Biblioteca Nacional Pedro Henríquez Ureña En catalogación 28.05.2024 Donado por Archivo General de la Nación   xxx M385h 2025-9903 11.09.2025 11.09.2025 Libro e.5

Con tecnología Koha